Destinations from Nuremberg Airport (NUE) - Statistics

General Stats
  • This quiz has been taken 28 times
  • The average score is 48 of 65
Answer Stats
Country Airlines Destination % Correct
Austria Austrian Vienna (VIE)
100%
Netherlands KLM Amsterdam (AMS)
95%
Greece Aegean Athens (ATH)
95%
Spain Vueling Barcelona (BCN)
95%
Hungary Ryanair Budapest (BUD)
95%
Ireland Ryanair Dublin (DUB)
95%
Turkey Turkish Airlines Istanbul (IST)
95%
UK British Airways London Heathrow (LHR)
95%
UK Ryanair London Stansted (STN)
95%
France Air France Paris (CDG)
95%
Portugal Ryanair Porto (OPO)
95%
Bulgaria Ryanair Sofia (SOF)
95%
Albania Wizz Air Tirana (TIA)
95%
Lithuania Ryanair Vilnius (VNO)
95%
Turkey Corendon Ankara (ESB)
90%
Turkey Corendon,Freebird, Pegasus, SunExpress Antalya (AYT)
90%
Serbia Air Serbia Belgrade (BEG)
90%
Romania Wizz Air Bucharest (OTP)
90%
Germany Lufthansa Frankfurt (FRA)
90%
Itay Ryanair Naples (NAP)
90%
North Macedonia Wizz Air Skopje (SKP)
90%
Spain Ryanair Valencia (VLC)
90%
Italy Ryanair Venice (VCE)
90%
Switzerland Swiss Zurich (ZRH)
90%
Itay Ryanair Bari (BRI)
86%
Greece Corendon, SmartLynx Heraklion (HER)
86%
Turkey Corendon,SunExpress Izmir (ADB)
86%
Poland Ryanair Krakow (KRK)
86%
Greece Corendon, SmartLynx Rhodes (RHO)
86%
Greece Aegean,Ryanair Thessaloniki (SKG)
86%
Spain Ryanair Ibiza (IBZ)
81%
Spain Ryanair Malaga (AGP)
81%
Spain Condor,Corendon, Eurowings, Ryanair Palma de Mallorca (PMI)
81%
Spain Ryanair Alicante (ALC)
76%
Portugal Ryanair Funchal (FNC)
76%
Spain Corendon,Ryanair Teneriffe South (TFS)
76%
Bulgaria Wizz Air Varna (VAR)
76%
Itay Ryanair Bologna (BLQ)
71%
Portugal Ryanair Faro (FAO)
71%
Spain Ryanair Girona (GRO)
71%
Spain Corendon,SmartLynx Gran Canaria (LPA)
71%
Egypt Air Cairo,Corendon, SmartLynx Hurghada (HRG)
71%
Cyprus Corendon Larnaca (LCA)
71%
Romania Wizz Air Cluj-Napoca (CLJ)
67%
Turkey Pegasus Istanbul (SAW)
67%
Turkey Corendon Adana (ADA)
62%
Greece Ryanair Chania (CHQ)
62%
Greece Corendon,SmartLynx Kos (KGS)
62%
Itay Ryanair Palermo (PMO)
62%
Greece Corendon,Ryanair Corfu (CFU)
57%
Spain Corendon, SmartLynx Fuerteventura (FUE)
57%
Croatia Ryanair Zadar (ZAD)
57%
Bosnia-Herzegovina Ryanair Banja Luka (BNX)
52%
Turkey Corendon Bodrum (BJV)
52%
Spain Corendon Lanzarote (ACE)
52%
Spain Ryanair Sevilla (SVQ)
52%
Itay Ryanair Cagliari (CAG)
48%
Itay Ryanair Lamezia Terme (SUF)
38%
Turkey Corendon Dalaman (DLM)
33%
Turkey Corendon Kayseri (ASR)
33%
Portugal Ryanair Ponta Delgada (PDL)
33%
Bosnia-Herzegovina Wizz Air Tuzla (TZL)
33%
Tunisia SmartLynx Enfidha (NBE)
29%
Egypt Corendon Marsa Alam (RMF)
29%
Romania Wizz Air Sibiu (SBZ)
29%
No matching quizzes found
Score Distribution
Percent of People with Each Score
Percentile by Number Answered
Your Score History
You have not taken this quiz